<?xml version="1.0" encoding="UTF-8"?>
<resp>
  <nextPage>https://data.bn.org.pl/api/networks/bibs.marcxml?marc=001+b1000000806567&amp;sinceId=1000000806568</nextPage>
  <collection>
    <record xmlns='http://www.loc.gov/MARC21/slim'><leader>04684nam a2201105 i 4500</leader><controlfield tag='001'>b1000000806567</controlfield><controlfield tag='005'>20251021071334.0</controlfield><controlfield tag='008'>201103s2020    pl a         |000 0dpol c</controlfield><controlfield tag='009'>9911718361905606</controlfield><datafield ind1=' ' ind2=' ' tag='015'><subfield code='a'>UWD 2020/38995</subfield></datafield><datafield ind1=' ' ind2=' ' tag='020'><subfield code='a'>9788382020403</subfield><subfield code='q'>(oprawa twarda) :</subfield><subfield code='c'>zł 45</subfield></datafield><datafield ind1=' ' ind2=' ' tag='035'><subfield code='a'>(OCoLC)1236059133</subfield></datafield><datafield ind1=' ' ind2=' ' tag='035'><subfield code='a'>(PL)b1000000806567</subfield></datafield><datafield ind1=' ' ind2=' ' tag='040'><subfield code='a'>LUBL M</subfield><subfield code='c'>LUBL M</subfield><subfield code='d'>LUBL M</subfield><subfield code='d'>KR U</subfield><subfield code='d'>WA N</subfield><subfield code='d'>KIEL W</subfield><subfield code='d'>WA N</subfield><subfield code='d'>OLSZT W</subfield></datafield><datafield ind1='1' ind2=' ' tag='041'><subfield code='a'>pol</subfield><subfield code='h'>eng</subfield></datafield><datafield ind1=' ' ind2=' ' tag='046'><subfield code='k'>1991</subfield></datafield><datafield ind1=' ' ind2=' ' tag='080'><subfield code='a'>821.111(73)-312.6</subfield></datafield><datafield ind1=' ' ind2=' ' tag='084'><subfield code='a'>04</subfield></datafield><datafield ind1='1' ind2=' ' tag='100'><subfield code='a'>Millman, Dan</subfield><subfield code='d'>(1946- )</subfield><subfield code='e'>Autor</subfield></datafield><datafield ind1='1' ind2='0' tag='245'><subfield code='a'>Siła ducha :</subfield><subfield code='b'>święta podróż miłującego pokój wojownika /</subfield><subfield code='c'>Dan Millman ; przełożył Robert Filipowski.</subfield></datafield><datafield ind1='3' ind2='0' tag='246'><subfield code='a'>Święta podróż miłującego pokój wojownika</subfield></datafield><datafield ind1='1' ind2=' ' tag='246'><subfield code='i'>Tytuł oryginału:</subfield><subfield code='a'>Sacred journey of the peaceful warrior,</subfield><subfield code='f'>1991</subfield></datafield><datafield ind1=' ' ind2=' ' tag='250'><subfield code='a'>Wydanie I.</subfield></datafield><datafield ind1=' ' ind2=' ' tag='260'><subfield code='a'>Poznań :</subfield><subfield code='b'>Zysk i S-ka Wydawnictwo,</subfield><subfield code='c'>copyright 2020.</subfield></datafield><datafield ind1=' ' ind2=' ' tag='300'><subfield code='a'>314, [2] strony :</subfield><subfield code='b'>ilustracje ;</subfield><subfield code='c'>22 cm.</subfield></datafield><datafield ind1=' ' ind2=' ' tag='336'><subfield code='a'>Tekst</subfield><subfield code='b'>txt</subfield><subfield code='2'>rdacontent</subfield></datafield><datafield ind1=' ' ind2=' ' tag='337'><subfield code='a'>Bez urządzenia pośredniczącego</subfield><subfield code='b'>n</subfield><subfield code='2'>rdamedia</subfield></datafield><datafield ind1=' ' ind2=' ' tag='338'><subfield code='a'>Wolumin</subfield><subfield code='b'>nc</subfield><subfield code='2'>rdacarrier</subfield></datafield><datafield ind1=' ' ind2=' ' tag='380'><subfield code='a'>Książki</subfield></datafield><datafield ind1=' ' ind2=' ' tag='380'><subfield code='a'>Proza</subfield></datafield><datafield ind1=' ' ind2=' ' tag='386'><subfield code='m'>Przynależność kulturowa</subfield><subfield code='a'>Literatura amerykańska</subfield></datafield><datafield ind1='1' ind2=' ' tag='388'><subfield code='a'>1901-2000</subfield></datafield><datafield ind1='1' ind2=' ' tag='388'><subfield code='a'>1989-2000</subfield></datafield><datafield ind1='1' ind2='7' tag='600'><subfield code='a'>Millman, Dan</subfield><subfield code='d'>(1946- )</subfield><subfield code='2'>DBN</subfield></datafield><datafield ind1=' ' ind2='7' tag='650'><subfield code='a'>Przemiana duchowa</subfield><subfield code='2'>DBN</subfield></datafield><datafield ind1=' ' ind2='7' tag='650'><subfield code='a'>Samorealizacja</subfield><subfield code='2'>DBN</subfield></datafield><datafield ind1=' ' ind2='7' tag='650'><subfield code='a'>Sens życia</subfield><subfield code='2'>DBN</subfield></datafield><datafield ind1=' ' ind2='7' tag='650'><subfield code='a'>Szamanizm</subfield><subfield code='2'>DBN</subfield></datafield><datafield ind1=' ' ind2='7' tag='651'><subfield code='a'>Hawaje (Stany Zjednoczone ; archipelag)</subfield><subfield code='2'>DBN</subfield></datafield><datafield ind1=' ' ind2='7' tag='655'><subfield code='a'>Powieść autobiograficzna</subfield><subfield code='2'>DBN</subfield></datafield><datafield ind1='1' ind2=' ' tag='700'><subfield code='a'>Filipowski, Robert</subfield><subfield code='e'>Tłumaczenie</subfield></datafield><datafield ind1='2' ind2=' ' tag='710'><subfield code='a'>Zysk i S-ka Wydawnictwo</subfield><subfield code='e'>Wydawca</subfield><subfield code='4'>pbl</subfield></datafield><datafield ind1=' ' ind2=' ' tag='852'><subfield code='8'>2293558500005068</subfield><subfield code='j'>1</subfield><subfield code='h'>Powieść biograficzna Mil Sił 163187/N Lit. amerykańska</subfield><subfield code='b'>WBP-KIELCE</subfield><subfield code='p'>463784</subfield><subfield code='c'>WYP-WD</subfield></datafield><datafield ind1=' ' ind2=' ' tag='852'><subfield code='8'>22569430720005067</subfield><subfield code='j'>1</subfield><subfield code='h'>A 980297 I</subfield><subfield code='b'>BJ</subfield><subfield code='p'>1002861761</subfield><subfield code='c'>BJ_EGZ_A</subfield></datafield><datafield ind1=' ' ind2=' ' tag='852'><subfield code='8'>22859154030008836</subfield><subfield code='j'>1</subfield><subfield code='b'>WBPL</subfield><subfield code='p'>230000300983</subfield><subfield code='c'>DUZIM_MG</subfield></datafield><datafield ind1=' ' ind2=' ' tag='852'><subfield code='8'>2293558470005068</subfield><subfield code='j'>0</subfield><subfield code='h'>Powieść biograficzna Mil Sił 163188/N Lit. amerykańska</subfield><subfield code='b'>WBP-KIELCE</subfield><subfield code='p'>463785</subfield><subfield code='c'>WYP-WD</subfield></datafield><datafield ind1=' ' ind2=' ' tag='852'><subfield code='8'>221084651230008831</subfield><subfield code='j'>1</subfield><subfield code='b'>5100-BUW</subfield><subfield code='p'>1001223474</subfield><subfield code='c'>10000</subfield><subfield code='z'> ## rok wyd. : 2020.</subfield></datafield><datafield ind1=' ' ind2=' ' tag='852'><subfield code='8'>22801315840008206</subfield><subfield code='j'>1</subfield><subfield code='b'>UOP</subfield><subfield code='p'>635893</subfield><subfield code='c'>MAG01</subfield></datafield><datafield ind1=' ' ind2=' ' tag='852'><subfield code='8'>22330120030006926</subfield><subfield code='j'>1</subfield><subfield code='h'>MG_bg</subfield><subfield code='b'>TORU</subfield><subfield code='p'>300051732085</subfield><subfield code='c'>MG_bg</subfield></datafield><datafield ind1=' ' ind2=' ' tag='852'><subfield code='8'>22108009360007661</subfield><subfield code='j'>1</subfield><subfield code='b'>10000</subfield><subfield code='p'>1011305084</subfield><subfield code='c'>U_BGmag</subfield></datafield><datafield ind1=' ' ind2=' ' tag='852'><subfield code='8'>22569430660005067</subfield><subfield code='j'>1</subfield><subfield code='h'>B 826147 I</subfield><subfield code='b'>BJ</subfield><subfield code='p'>1002861762</subfield><subfield code='c'>BJ_MAG</subfield></datafield><datafield ind1=' ' ind2=' ' tag='852'><subfield code='8'>22791842870008210</subfield><subfield code='j'>1</subfield><subfield code='b'>F02</subfield><subfield code='p'>11031809</subfield><subfield code='c'>lok02</subfield></datafield><datafield ind1=' ' ind2=' ' tag='852'><subfield code='8'>22103302620007662</subfield><subfield code='j'>1</subfield><subfield code='b'>57</subfield><subfield code='p'>4001318223</subfield><subfield code='c'>57</subfield></datafield><datafield ind1=' ' ind2=' ' tag='852'><subfield code='8'>22724888430008411</subfield><subfield code='j'>1</subfield><subfield code='b'>014CW</subfield><subfield code='p'>01405-100130221</subfield><subfield code='c'>CW</subfield><subfield code='z'>25/20</subfield></datafield><datafield ind1=' ' ind2=' ' tag='852'><subfield code='8'>22724888390008411</subfield><subfield code='j'>1</subfield><subfield code='b'>014F2</subfield><subfield code='p'>01411-100045275</subfield><subfield code='c'>F2D</subfield><subfield code='z'>26/20</subfield></datafield><datafield ind1=' ' ind2=' ' tag='852'><subfield code='8'>22724888410008411</subfield><subfield code='j'>0</subfield><subfield code='b'>014F1</subfield><subfield code='p'>01408-100064630</subfield><subfield code='c'>F1D</subfield><subfield code='z'>26/20</subfield></datafield><datafield ind1=' ' ind2=' ' tag='852'><subfield code='8'>22764457920008415</subfield><subfield code='j'>1</subfield><subfield code='b'>KP</subfield><subfield code='p'>000035146926</subfield><subfield code='c'>CN</subfield><subfield code='z'>N705567</subfield></datafield><datafield ind1=' ' ind2=' ' tag='852'><subfield code='8'>22160351940006831</subfield><subfield code='j'>1</subfield><subfield code='h'>725078 II</subfield><subfield code='b'>BuKul</subfield><subfield code='p'>1001226282</subfield><subfield code='c'>BG_Magazyn</subfield></datafield><datafield ind1=' ' ind2=' ' tag='852'><subfield code='8'>22673999350005066</subfield><subfield code='j'>1</subfield><subfield code='h'>3.561.337</subfield><subfield code='b'>BN_PL</subfield><subfield code='p'>30001024880709</subfield><subfield code='c'>bk8</subfield></datafield><datafield ind1=' ' ind2=' ' tag='852'><subfield code='8'>22684321910005066</subfield><subfield code='j'>1</subfield><subfield code='h'>3.138.975 A</subfield><subfield code='b'>BN_PL</subfield><subfield code='p'>30001029998843</subfield><subfield code='c'>bk1</subfield></datafield><datafield ind1=' ' ind2=' ' tag='852'><subfield code='8'>22842024400008207</subfield><subfield code='j'>1</subfield><subfield code='h'>Z.763410 [w]</subfield><subfield code='b'>BPW_K</subfield><subfield code='p'>BPW00541375</subfield><subfield code='c'>ZAS_W</subfield></datafield><datafield ind1=' ' ind2=' ' tag='852'><subfield code='8'>2246194610005069</subfield><subfield code='j'>1</subfield><subfield code='h'>95562 W</subfield><subfield code='b'>LUBL_M</subfield><subfield code='p'>1001023399</subfield><subfield code='c'>30000</subfield><subfield code='z'>oprawa twarda</subfield></datafield><datafield ind1=' ' ind2=' ' tag='852'><subfield code='b'>48OMNIS_LO1</subfield><subfield code='8'>991000018559508006</subfield></datafield><datafield ind1=' ' ind2=' ' tag='852'><subfield code='b'>48OMNIS_RPL</subfield><subfield code='8'>991003665097705068</subfield></datafield><datafield ind1=' ' ind2=' ' tag='852'><subfield code='b'>48OMNIS_WBPL</subfield><subfield code='8'>991000583169708836</subfield></datafield><datafield ind1=' ' ind2=' ' tag='852'><subfield code='b'>48OMNIS_MPL</subfield><subfield code='8'>991002508080305069</subfield></datafield><datafield ind1=' ' ind2=' ' tag='852'><subfield code='8'>2210020820008006</subfield><subfield code='j'>1</subfield><subfield code='b'>LO1_3_1</subfield><subfield code='p'>055002252400</subfield><subfield code='c'>LO1_3_1_1</subfield></datafield><datafield ind1=' ' ind2=' ' tag='852'><subfield code='b'>48OMNIS_UOP</subfield><subfield code='8'>990008427640108206</subfield></datafield><datafield ind1=' ' ind2=' ' tag='852'><subfield code='b'>48OMNIS_KUL</subfield><subfield code='8'>991002360319706831</subfield></datafield><datafield ind1=' ' ind2=' ' tag='852'><subfield code='b'>48OMNIS_BPW</subfield><subfield code='8'>991053676673008207</subfield></datafield><datafield ind1=' ' ind2=' ' tag='852'><subfield code='b'>48OMNIS_KPS</subfield><subfield code='8'>990008429240208415</subfield></datafield><datafield ind1=' ' ind2=' ' tag='852'><subfield code='b'>48OMNIS_MBPG</subfield><subfield code='8'>991000961039708210</subfield></datafield><datafield ind1=' ' ind2=' ' tag='852'><subfield code='b'>48OMNIS_UJA</subfield><subfield code='8'>991016636251205067</subfield></datafield><datafield ind1=' ' ind2=' ' tag='852'><subfield code='b'>48OMNIS_MBP</subfield><subfield code='8'>990003481560207662</subfield></datafield><datafield ind1=' ' ind2=' ' tag='852'><subfield code='b'>48OMNIS_GLO</subfield><subfield code='8'>990013907830308411</subfield></datafield><datafield ind1=' ' ind2=' ' tag='852'><subfield code='b'>48OMNIS_NETWORK</subfield><subfield code='8'>9911718361905606</subfield></datafield><datafield ind1=' ' ind2=' ' tag='852'><subfield code='b'>48OMNIS_UOW</subfield><subfield code='8'>991011920849708831</subfield></datafield><datafield ind1=' ' ind2=' ' tag='852'><subfield code='b'>48OMNIS_UMCS</subfield><subfield code='8'>991001943849707661</subfield></datafield><datafield ind1=' ' ind2=' ' tag='852'><subfield code='b'>48OMNIS_UMKWT</subfield><subfield code='8'>991002829319706926</subfield></datafield><datafield ind1=' ' ind2=' ' tag='852'><subfield code='b'>48OMNIS_NLOP</subfield><subfield code='8'>991052829018205066</subfield></datafield><datafield ind1=' ' ind2=' ' tag='920'><subfield code='a'>978-83-8202-040-3 (oprawa twarda) : zł 45</subfield></datafield></record>
  </collection>
</resp>
